East African education directory / (Record no. 14947)
[ view plain ]
| 000 -LEADER | |
|---|---|
| fixed length control field | 00588cam a22001932 4500 |
| 001 - CONTROL NUMBER | |
| control field | 0000003497 |
| 005 - DATE AND TIME OF LATEST TRANSACTION | |
| control field | 20151217161133.0 |
| 008 - FIXED-LENGTH DATA ELEMENTS--GENERAL INFORMATION | |
| fixed length control field | 070508s xx 000 0 eng d |
| 040 ## - CATALOGING SOURCE | |
| Original cataloging agency | KABU |
| Transcribing agency | KABU |
| 050 #0 - LIBRARY OF CONGRESS CALL NUMBER | |
| Classification number | L971 |
| Item number | .A353E27 |
| 245 10 - TITLE STATEMENT | |
| Title | East African education directory / |
| Statement of responsibility, etc. | ed. Kimemia Mugo. |
| 260 ## - PUBLICATION, DISTRIBUTION, ETC. (IMPRINT) | |
| Place of publication, distribution, etc. | Nairobi : |
| Name of publisher, distributor, etc. | Interafrica Communication, |
| Date of publication, distribution, etc. | 2005. |
| 300 ## - PHYSICAL DESCRIPTION | |
| Extent | 183 p. |
| 650 #0 - SUBJECT ADDED ENTRY--TOPICAL TERM | |
| Topical term or geographic name as entry element | Education |
| Form subdivision | Directories |
| Geographic subdivision | Africa, East. |
| -- | 0000153460 |
| 700 1# - ADDED ENTRY--PERSONAL NAME | |
| Personal name | Mugo, Kimemia. |
| -- | 0000153461 |
| 908 ## - PUT COMMAND PARAMETER (RLIN) | |
| Put command parameter | 070508 |
| 950 ## - LOCAL HOLDINGS (RLIN) | |
| -- | 1 |
| Withdrawn status | Lost status | Source of classification or shelving scheme | Not for loan | Home library | Current library | Date acquired | Total Checkouts | Full call number | Barcode | Date last seen | Price effective from | Koha item type |
|---|---|---|---|---|---|---|---|---|---|---|---|---|
| Library of Congress Classification | Not For Loan | Kabarak, Main Campus | Kabarak, Main Campus | 17/12/2015 | L971 .A353E27 | 010118 | 17/12/2015 | 17/12/2015 | Reference |